000 00449nam a2200181Ia 4500
001 2921
005 20260306144842.0
008 260306t2013||||xx |||||||||||||| ||spa||
041 _aESP
082 _a233.7
_bS719
100 _aSayés, José Antonio
_eAUT
245 0 _aAntropología del hombre caído:
_bel pecado original
260 _c2013
300 _a276 páginas :
_c24 cm.
650 _aGEN
654 _aCHU
942 _cLIB
_dJUS
_fJUS
_2ddc
_n
999 _c2921
_d2921